[Event "50th World Juniors"]
[Site "Chennai IND"]
[Date "2011.08.14"]
[Round "12.45"]
[White "Thavandiran,S"]
[Black "Lim,Z"]
[Result "1/2-1/2"]
[WhiteElo "2320"]
[BlackElo "2155"]

1.e4 d6 2.d4 Nf6 3.Nc3 c6 4.g3 Nbd7 5.Bg2 e5 6.Be3 b5 7.a3 Bb7 8.g4 g6 9.h3 Bg7
10.Nge2 O-O 11.Ng3 a6 12.g5 Ne8 13.f4 exf4 14.Bxf4 c5 15.dxc5 dxc5 16.O-O Ne5
17.b3 Nc7 18.Nd5 Ne6 19.Be3 Nxg5 20.Bxc5 Re8 21.Bb6 Qd6 22.Nf6+ Qxf6 23.Rxf6 Bxf6
24.Rb1 Rac8 25.Kh2 Bg7 26.Kg1 Bf6 27.Kh2 Bg7 28.Kg1 Bf6  1/2-1/2

[Event "SS Manhem GM"]
[Site "Gothenburg SWE"]
[Date "2011.08.14"]
[Round "2"]
[White "Berg,E"]
[Black "Carlhammar,M"]
[Result "1-0"]
[WhiteElo "2604"]
[BlackElo "2318"]

1.e4 d6 2.d4 Nf6 3.Nc3 e5 4.Nf3 Nbd7 5.Bc4 Be7 6.O-O O-O 7.Re1 c6 8.a4 a5
9.Ba2 exd4 10.Nxd4 Nc5 11.Bf4 Ne6 12.Nxe6 Bxe6 13.Bxe6 fxe6 14.e5 Nd5 15.exd6 Nxf4
16.dxe7 Qxe7 17.Ne4 Rad8 18.Qc1 Qh4 19.Qe3 Qg4 20.g3 Nh3+ 21.Kg2 Nf4+ 22.Kh1 Nh3
23.Kg2 Nf4+ 24.Kh1 Nh3 25.Rf1 Rf3 26.Qe2 Qf5 27.Kg2 Rf8 28.Ra3 Rxa3 29.bxa3 Ng5
30.Nxg5 Qxg5 31.Qxe6+ Kh8 32.Re1 h6 33.Qe5 Qd8 34.Re4 Qb6  1-0

[Event "CECLUB Div2 Gp1"]
[Site "Padron ESP"]
[Date "2011.08.14"]
[Round "6"]
[White "Cenal Gutierrez,R"]
[Black "Perez Mauricio,X"]
[Result "1-0"]
[WhiteElo "2276"]
[BlackElo "2285"]

1.e4 d6 2.d4 Nf6 3.Nc3 e5 4.dxe5 dxe5 5.Qxd8+ Kxd8 6.Bc4 Ke8 7.f3 c6 8.a4 a5
9.Be3 Nbd7 10.Nge2 Bc5 11.Nd1 Bxe3 12.Nxe3 Nb6 13.Bb3 Ke7 14.Nc1 Be6 15.Bxe6 Kxe6
16.Nd3 Nfd7 17.O-O-O g6 18.b3 Nc8 19.Rd2 b5 20.Nb2 Ra7 21.Rhd1 Ndb6 22.axb5 cxb5
23.Nd5 Rb7 24.Nc3 b4 25.Nca4 Kf6 26.Nc5 Re7 27.Rd6+ Kg7 28.Rc6 Ra7 29.Nba4 Nxa4
30.Nxa4 Ne7 31.Rc5 f6 32.Rd6 Rb8 33.Kd2 Rbb7 34.Kd3 Rc7 35.Kc4 Kf7 36.Kb5 Rcb7+
37.Nb6 Ra8 38.Ka4 Ra6 39.Nc4 Ra8 40.Rxa5 Rxa5+ 41.Kxa5 Rc7 42.Kxb4 Nc6+ 43.Ka3 Ke7
44.Rd5 Nd4 45.c3 Ne2 46.Kb2 Nf4 47.Rd2 h5 48.Ne3 Rc6 49.Nd5+ Ke6 50.b4 Rc8
51.Kb3 f5 52.exf5+  1-0

[Event "24th Panevezys Open"]
[Site "Panevezys LTU"]
[Date "2011.08.14"]
[Round "7.6"]
[White "Ottolini,G"]
[Black "Kudzma,L"]
[Result "1-0"]
[WhiteElo "2049"]
[BlackElo "2187"]

1.e4 d6 2.d4 Nf6 3.Nc3 e5 4.dxe5 dxe5 5.Qxd8+ Kxd8 6.Bg5 Bd6 7.Bc4 Be6 8.Bxe6 fxe6
9.O-O-O Ke7 10.Nge2 h6 11.Bh4 Nd7 12.f3 a6 13.Kb1 Raf8 14.Rhf1 Rhg8 15.Bg3 Nh5
16.h3 Nxg3 17.Nxg3 Rf7 18.Rfe1 Nf8 19.Nce2 Ng6 20.Nc1 Nf4 21.Rd2 g5 22.Nf1 h5
23.Ne3 b5 24.Nd3 Rff8 25.c4 Nxd3 26.Rxd3 Bc5 27.cxb5 axb5 28.Rc1 Bd6 29.Rdc3 Kd7
30.Rd1 Rb8 31.Rc2 Rb6 32.Rdc1 Ra8 33.Rd1 Ra4 34.Nf1 Rb8 35.Ng3 Rh8 36.Ne2 Rha8
37.Nc3 Rc4 38.Nxb5 Rxc2 39.Kxc2 Rxa2 40.Na3 Kc6 41.Kb3 Bxa3 42.Kxa2 Bd6 43.Kb3 h4
44.Kc4 Kb6 45.Ra1 Kb7 46.b4 c6 47.Rg1 Bb8 48.g3 Ba7 49.Rg2 hxg3 50.Rxg3 Be3
51.Rg4 Kc7 52.h4 gxh4 53.Rxh4 Kd6 54.Rh7 Bf2 55.Rh8 Bb6 56.Ra8 Kd7 57.Ra6 Bf2
58.Ra5 Kd6 59.b5 cxb5+ 60.Kxb5 Kd7 61.Ka6 Bg3 62.Kb7 Bf4 63.Ra3 Bg3 64.Rd3+ Ke7
65.Kc6 Be1 66.Rb3 Bf2 67.Rb7+ Kf6 68.Kd7 Bc5 69.Rc7 Bd4 70.Rc6 Kg5 71.Rxe6 Kf4
72.Rf6+ Ke3 73.Kd6 Bb2 74.Rf5 Bc3 75.Rxe5 Kxf3 76.Re8 Kf4 77.e5 Kf5 78.Rf8+ Ke4
79.Re8 Kf5 80.e6 Kf6 81.Rf8+ Kg7 82.Rf1 Bb4+ 83.Kd7 Bf8 84.e7  1-0

[Event "4th Sabadell Open A"]
[Site "Sabadell ESP"]
[Date "2011.08.14"]
[Round "4"]
[White "Campos Olaya,I"]
[Black "Cuenca Jimenez,J"]
[Result "0-1"]
[WhiteElo "2166"]
[BlackElo "2480"]

1.e4 d6 2.d4 Nf6 3.Nc3 e5 4.Nf3 Nbd7 5.Bc4 Be7 6.O-O O-O 7.Re1 c6 8.a4 b6
9.h3 a6 10.dxe5 dxe5 11.Bg5 Rb8 12.Bxf6 Bxf6 13.Qe2 b5 14.axb5 axb5 15.Ba2 Nc5
16.Red1 Qc7 17.Qe3 Be7 18.Ne2 Na4 19.Rab1 Ra8 20.Nc1 h6 21.Qe1 Nb6 22.Qc3 Bf6
23.b4 Na4 24.Qe3 Be7 25.c4 c5 26.cxb5 cxb4 27.Bd5 Nc3 28.Bxa8 Nxd1 29.Qb3 Nc3
30.Ra1 Nxb5 31.Bd5 Nc3 32.Bc4 Nxe4 33.Nd3 Nc5 34.Nxc5 Bxc5 35.Re1 Bd6 36.Nd2 Bf5
37.Nf1 Bc5 38.Ng3 Bg6 39.Ne4 Be7 40.Nd2 Rd8 41.Nf1 Ra8 42.Ne3 Ra3 43.Qb2 Rxe3
44.Bxf7+ Bxf7 45.Rxe3 b3 46.Rc3 Qd7 47.Re3 Bf6 48.Re1 e4 49.Qa3 b2 50.Qa8+ Kh7
51.Qxe4+ Bg6 52.Qb4 Qd3  0-1

[Event "26th Teteven Open"]
[Site "Teteven BUL"]
[Date "2011.08.14"]
[Round "2.19"]
[White "Petrov,Vl5"]
[Black "Ninov,D"]
[Result "0-1"]
[WhiteElo "1793"]
[BlackElo "2094"]

1.e4 d6 2.d4 Nf6 3.Nc3 e5 4.dxe5 dxe5 5.Bg5 Qxd1+ 6.Rxd1 Bb4 7.Nf3 O-O 8.Bd3 Nc6
9.O-O Bxc3 10.bxc3 Be6 11.a4 Nd7 12.Bb5 f6 13.Be3 Nb6 14.Nd2 Na5 15.Bc5 Rfd8
16.Be7 Rdc8 17.Bb4 Nc6 18.a5 Nxb4 19.cxb4 a6 20.Bd3 Na4 21.Bc4 Kf7 22.Bxe6+ Kxe6
23.Nb3 c5 24.Ra1 c4 25.Rxa4 cxb3 26.cxb3 Rc3 27.Rb1 Rd8 28.b5 Rxb3 29.Raa1 Rxb5
30.Rxb5 axb5 31.f3 Rd4 32.a6 bxa6 33.Rxa6+ Rd6 34.Ra7 Rb6 35.Rxg7 b4 36.Ra7 b3
37.Ra1 b2 38.Rb1 Kd6 39.Kf2 Kc5 40.Ke3 Kc4 41.f4 Kc3 42.g4 Rb3 43.g5 Kc2+
44.Ke2 Kxb1 45.gxf6 Kc2 46.f7 b1=Q 47.f8=Q Qd1+  0-1

[Event "ch-FRA National B"]
[Site "Caen FRA"]
[Date "2011.08.15"]
[Round "1"]
[White "Fargere,Fr"]
[Black "Moussard,J"]
[Result "0-1"]
[WhiteElo "2492"]
[BlackElo "2426"]

1.e4 d6 2.d4 Nf6 3.Nc3 e5 4.Nf3 Nbd7 5.Bc4 Be7 6.O-O O-O 7.Re1 c6 8.a4 a5
9.Ba2 Qc7 10.h3 Re8 11.Be3 b6 12.d5 Bb7 13.dxc6 Bxc6 14.Qd3 Qb7 15.Nd2 Rad8
16.Nd5 Nc5 17.Bxc5 dxc5 18.Nxf6+ Bxf6 19.Qc3 Rd4 20.f3 Bxa4 21.Bd5 Bc6 22.Nc4 Rd8
23.Bxc6 Qxc6 24.Qb3 Qe6 25.Ra4 Rd1 26.Rxd1 Rxd1+ 27.Kh2 Bg5 28.Qxb6 Bf4+
29.g3 Rd2+ 30.Kg1 Be3+  0-1

[Event "12th Miquel Mas Open"]
[Site "Figueres ESP"]
[Date "2011.08.15"]
[Round "6.9"]
[White "Tillet,L"]
[Black "Trigo Urquijo,S"]
[Result "1/2-1/2"]
[WhiteElo "2204"]
[BlackElo "2248"]

1.e4 d6 2.d4 Nf6 3.Nc3 e5 4.Nf3 Nbd7 5.Bc4 Be7 6.O-O O-O 7.a4 c6 8.Re1 b6
9.Ba2 a6 10.h3 Rb8 11.Bg5 b5 12.axb5 axb5 13.b4 h6 14.Be3 Qc7 15.Qd3 exd4
16.Nxd4 Ne5 17.Qd2 Nc4 18.Bxc4 bxc4 19.b5 cxb5  1/2-1/2

[Event "Metalmex Open"]
[Site "Liberec CZE"]
[Date "2011.08.15"]
[Round "3.6"]
[White "Skopec,L"]
[Black "Kaderabek,J"]
[Result "1/2-1/2"]
[WhiteElo "1958"]
[BlackElo "2205"]

1.e4 d6 2.d4 Nf6 3.Nc3 c6 4.f4 Qa5 5.Bd3 Bg4 6.Nf3 Nbd7 7.Be3 e5 8.h3 exf4
9.Bxf4 Bh5 10.O-O Be7 11.Qd2 Bxf3 12.Rxf3 Qb6 13.Be3 O-O 14.Kh1 Rae8 15.b3 Kh8
16.Raf1 Qb4 17.Rf5 Bd8 18.a3 Qxa3 19.Qf2 Qb4 20.Ne2 c5 21.Qg3 cxd4 22.Bxd4 Ne5
23.Bxe5 dxe5 24.Qe3 Qb6 25.Qg3 Qd6 26.Qf2 a6 27.g4 Nd7 28.Bc4 f6 29.Bd5 b5
30.Rf3 b4 31.c4 bxc3 32.Rxc3 Bb6 33.Qf5 g6 34.Qf3 Rc8 35.Rfc1 Rc5 36.h4 Rfc8
37.g5 f5 38.Rxc5 Rxc5 39.Rxc5 Nxc5 40.Nc3 Nxe4 41.Bxe4 Qd4 42.Kg2 Ba5 43.Bxf5 Qxc3
44.Qxc3 Bxc3 45.Bd3 a5 46.Kf3 Kg7 47.Kg4  1/2-1/2

[Event "Botvinnik 100th Open"]
[Site "St Petersburg RUS"]
[Date "2011.08.15"]
[Round "4"]
[White "Tsydypov,Z"]
[Black "Aitbayev,A"]
[Result "0-1"]
[WhiteElo "2247"]
[BlackElo "2346"]

1.e4 d6 2.d4 Nf6 3.Nc3 e5 4.Nf3 Nbd7 5.g4 h6 6.Rg1 c6 7.Be3 Qa5 8.Qd2 b5
9.Bd3 b4 10.Ne2 d5 11.Nxe5 Nxe5 12.dxe5 Nxe4 13.Bxe4 dxe4 14.Nf4 Be7 15.Nh5 O-O
16.Bxh6 e3 17.Qxe3 gxh6 18.O-O-O Bg5 19.f4 Qxa2 20.Rd6 Be7 21.Qe4 Be6 22.Kd2 Rfd8
23.g5 Bxd6 24.gxh6+ Kh8 25.Rg7 Bc5+ 26.Ke2 Qc4+  0-1

[Event "Metalmex Open"]
[Site "Liberec CZE"]
[Date "2011.08.16"]
[Round "4.9"]
[White "Zima,Jan"]
[Black "Matejka,V"]
[Result "1-0"]
[WhiteElo "1814"]
[BlackElo "1977"]

1.e4 d6 2.d4 Nf6 3.Nc3 e5 4.Nf3 Nbd7 5.Bc4 Be7 6.O-O c6 7.a4 O-O 8.Qe2 b6
9.Rd1 Qc7 10.b3 a6 11.Bb2 Bb7 12.dxe5 dxe5 13.Rd2 Bb4 14.Bxf7+ Rxf7 15.Qc4 Bxc3
16.Ng5 Nf8 17.Bxc3 b5 18.Qxf7+ Qxf7 19.Nxf7 Kxf7 20.f3 Ng6 21.Rad1 Re8 22.Bb4 Rb8
23.a5 Nf4 24.g3 Ng6 25.Kf2 h5 26.Rd8 Bc8 27.Ke3 h4 28.R1d6 hxg3 29.hxg3 Ne7
30.Rd1 Ra8 31.Bd6 Nd7 32.Bxe7 Kxe7 33.R1xd7+  1-0

[Event "Metalmex Open"]
[Site "Liberec CZE"]
[Date "2011.08.16"]
[Round "4.4"]
[White "Krtous,Z1"]
[Black "Marsalek,Z"]
[Result "1/2-1/2"]
[WhiteElo "2029"]
[BlackElo "2266"]

1.e4 d6 2.d4 Nf6 3.Nc3 e5 4.dxe5 dxe5 5.Qxd8+ Kxd8 6.Bg5 Be6 7.Nf3 Nd7 8.O-O-O Kc8
9.Bd3 a6 10.Nd2 b5 11.f4 exf4 12.Bxf4 Ng4 13.Rhf1 f6 14.Nd5 Ra7 15.Nf3 Bc5
16.h3 Nge5 17.Nxe5 Nxe5 18.Bxe5 fxe5 19.c4 c6 20.Nc3 Rd8 21.Be2 Rxd1+ 22.Rxd1 Rf7
23.Rf1 Rxf1+ 24.Bxf1 bxc4 25.Kc2 Bd4 26.Be2 Kd8 27.Nb1 Kc7 28.Kc1  1/2-1/2

[Event "26th Universiade Women"]
[Site "Shenzhen CHN"]
[Date "2011.08.16"]
[Round "4.7"]
[White "Muzychuk,M"]
[Black "Kalinina,O"]
[Result "0-1"]
[WhiteElo "2469"]
[BlackElo "2222"]

1.d4 d6 2.e4 Nf6 3.Nc3 c6 4.Nf3 Bg4 5.h3 Bh5 6.Bf4 e6 7.Be2 d5 8.e5 Nfd7
9.g4 Bg6 10.h4 h5 11.Ng5 hxg4 12.Bxg4 Qb6 13.Rb1 c5 14.dxc5 Bxc5 15.h5 Nc6
16.Rh2 Qb4 17.Bg3 Bxc2 18.Qxc2 Qxg4 19.Qd2 Ndxe5 20.Kf1 f6 21.Nb5 Qc4+ 22.Qe2 Qxe2+
23.Kxe2 fxg5 24.Nc7+ Kf7 25.Nxa8 Rxa8 26.Rg2 Nd4+ 27.Kf1 Nef3 28.Rc1 Bb6
29.Rc3 Rh8 30.Bc7 Rxh5 31.Rg3 g4 32.Rxg4 Rh1+ 33.Kg2 Rg1+ 34.Kh3 Ng5+ 35.Rxg5 Rxg5
36.Bxb6 axb6 37.Rc7+ Kf6 38.a4 Rf5 39.Rxb7 Rf3+ 40.Kg4 Rb3 41.f4 Nf5  0-1

[Event "Botvinnik 100th Open"]
[Site "St Petersburg RUS"]
[Date "2011.08.16"]
[Round "5"]
[White "Polivanov,A"]
[Black "Turikov,V"]
[Result "1-0"]
[WhiteElo "2435"]
[BlackElo "2291"]

1.e4 d6 2.d4 Nf6 3.Nc3 c6 4.f4 Qa5 5.Bd3 e5 6.Nf3 Nbd7 7.O-O Be7 8.Be3 O-O
9.Qe1 Bd8 10.Kh1 exd4 11.Nxd4 Nc5 12.Nb3 Nxd3 13.cxd3 Qh5 14.f5 Ng4 15.Bf4 Ne5
16.Qg3 Re8 17.Nd2 Bb6 18.Nc4 Nxc4 19.dxc4 Bd4 20.Rae1 Be5 21.c5 Bxf4 22.Rxf4 Qh6
23.cxd6 Qxd6 24.e5 Qc7 25.f6 g6 26.Qh4 h5 27.Qg5 Kh7 28.Rh4  1-0

[Event "Recklinghaeuser Open"]
[Site "Recklinghausen GER"]
[Date "2011.08.17"]
[Round "3"]
[White "Trzaska,P"]
[Black "Schorra,H"]
[Result "1/2-1/2"]
[WhiteElo "2121"]
[BlackElo "2110"]

1.e4 d6 2.d4 Nf6 3.Nc3 e5 4.dxe5 dxe5 5.Qxd8+ Kxd8 6.Bg5 Be6 7.f4 exf4 8.O-O-O+ Nd7
9.Nh3 Bg4 10.Bxf6+ gxf6 11.Be2 Bxe2 12.Nxe2 c6 13.Nhxf4 Kc7 14.Rhf1  1/2-1/2

[Event "26th Teteven Open"]
[Site "Teteven BUL"]
[Date "2011.08.17"]
[Round "5.6"]
[White "Burdarev,Evgeni"]
[Black "Bratanov,Z"]
[Result "0-1"]
[WhiteElo "2012"]
[BlackElo "2457"]

1.d4 d6 2.e4 Nf6 3.Nc3 e5 4.dxe5 dxe5 5.Qxd8+ Kxd8 6.Bg5 c6 7.Bc4 Ke8 8.Nge2 Be7
9.O-O a5 10.a4 Na6 11.f4 Ng4 12.Bxe7 Kxe7 13.fxe5 Nxe5 14.Bxa6 Rxa6 15.Nd4 Rd8
16.Nf5+ Bxf5 17.Rxf5 f6 18.Rd1 Rxd1+ 19.Nxd1 Rb6 20.b3 Rb4 21.Nc3 Rd4 22.Rf2 Kd6
23.h3 Kc5 24.Re2 Kb4 25.Na2+ Ka3 26.Kf2 Rd7  0-1

[Event "17th Vienna Open A"]
[Site "Vienna AUT"]
[Date "2011.08.17"]
[Round "5"]
[White "Stigar,P"]
[Black "Poettinger,H"]
[Result "1-0"]
[WhiteElo "2298"]
[BlackElo "2184"]

1.d4 d6 2.e4 Nf6 3.Nc3 e5 4.Nf3 Nbd7 5.Bc4 Be7 6.O-O O-O 7.Re1 c6 8.a4 b6
9.Ba2 a6 10.h3 Qc7 11.Be3 Bb7 12.Nh4 exd4 13.Bxd4 Rfe8 14.Nf5 Bf8 15.Qf3 Ne5
16.Qg3 g6 17.Qg5 Qd8 18.f4 Ned7 19.e5 dxe5 20.fxe5 Nd5 21.Nh6+  1-0

[Event "10th Lichtenberger Sommer"]
[Site "Berlin GER"]
[Date "2011.08.18"]
[Round "6.89"]
[White "Walter,Gu2 GER"]
[Black "Duric,R"]
[Result "1-0"]
[WhiteElo "1990"]
[BlackElo "1808"]

1.e4 d6 2.d4 Nf6 3.Nc3 c6 4.a4 b6 5.Bg5 Nbd7 6.f4 h6 7.Bh4 Qc7 8.Nf3 d5 9.e5 Nh7
10.Bd3 e6 11.O-O g6 12.Qe2 Be7 13.Bxe7 Kxe7 14.b4 a6 15.a5 b5 16.Qf2 Nhf8
17.g4 Ra7 18.Rae1 Ke8 19.Qh4 Qd8 20.f5 Qxh4 21.Nxh4 g5 22.Ng2 Nb8 23.Ne3 Rc7
24.Ne2 Re7 25.Ng3 Kd8 26.Nh5 Nh7 27.c3 Bd7 28.h3 Ree8 29.Nc2 Ref8 30.fxe6 Bxe6
31.Ne3 Nd7 32.Nf5 Bxf5 33.gxf5 Kc7 34.Kh2 Kd8 35.e6 fxe6 36.fxe6 Rxf1 37.e7+ Kc7
38.Rxf1 Kd6 39.Bxh7 Kxe7 40.Bg6 Rf8 41.Rxf8 Kxf8 42.Bf5 Nb8 43.Nf6 Ke7 44.Ng8+ Kf7
45.Nxh6+ Kf6 46.Bc8  1-0

[Event "10th Lichtenberger Sommer"]
[Site "Berlin GER"]
[Date "2011.08.18"]
[Round "6.13"]
[White "Weber,Di"]
[Black "Kupfer,M"]
[Result "1-0"]
[WhiteElo "2271"]
[BlackElo "2049"]

1.e4 d6 2.d4 Nf6 3.Nc3 e5 4.Nf3 Nbd7 5.Bc4 Be7 6.dxe5 dxe5 7.O-O O-O 8.h3 c6
9.a4 a5 10.Qe2 Qc7 11.Nh4 Nc5 12.Nf5 Be6 13.b3 Rfe8 14.Nxe7+ Qxe7 15.Ba3 Nfd7
16.Bxe6 Qxe6 17.Rad1 f5 18.exf5 Qxf5 19.Rd6 Kh8 20.Rfd1 e4 21.Qg4 Qe5 22.Qg3 Qf5
23.Qe3 Rac8 24.Ne2 Rc7 25.Ng3 Qe5 26.f4  1-0

[Event "ch-FRA National B"]
[Site "Caen FRA"]
[Date "2011.08.18"]
[Round "4"]
[White "Lagarde,Max"]
[Black "Shirazi,K"]
[Result "1-0"]
[WhiteElo "2433"]
[BlackElo "2352"]

1.e4 d6 2.d4 Nf6 3.Nc3 e5 4.Nf3 Nbd7 5.Bc4 Be7 6.O-O O-O 7.a4 a5 8.h3 c6
9.Re1 h6 10.Ba2 Re8 11.dxe5 dxe5 12.Nh4 Nc5 13.Qf3 Ne6 14.Nf5 Nd4 15.Nxd4 exd4
16.Ne2 Bf8 17.Nf4 Qc7 18.Ng6 Bb4 19.c3 dxc3 20.bxc3 Be7 21.Bf4 Qb6 22.Nxe7+ Rxe7
23.Bxh6 Qc5 24.e5 Rxe5 25.Qg3 Rxe1+ 26.Rxe1 Qf8 27.Re7 Nh5 28.Qg5 Be6 29.Bxe6 fxe6
30.Rxb7 Rb8 31.Rxb8 Qxb8 32.Qxh5 Qb1+ 33.Kh2 gxh6 34.Qe8+ Kg7 35.Qe7+ Kh8
36.Qxe6 Qc1 37.Qe5+ Kh7 38.f4 Qf1 39.f5 Qc4 40.Qe7+  1-0

[Event "SS Manhem GM"]
[Site "Gothenburg SWE"]
[Date "2011.08.18"]
[Round "6"]
[White "Hansen,SuB"]
[Black "Carlhammar,M"]
[Result "1-0"]
[WhiteElo "2574"]
[BlackElo "2318"]

1.e4 d6 2.d4 Nf6 3.Nc3 e5 4.Nf3 Nbd7 5.Bc4 Be7 6.O-O O-O 7.Re1 a6 8.a4 b6
9.Nd5 Bb7 10.Nxe7+ Qxe7 11.Bd3 Rfe8 12.d5 Qf8 13.c4 a5 14.Ra3 Nc5 15.Bc2 Kh8
16.Nh4 Bc8 17.Bg5 Ng8 18.Rg3 g6 19.h3 Bd7 20.Rf3 f6 21.Bd2 Qe7 22.Rg3 Qf7
23.Rf1 Re7 24.f4 exf4 25.Rxf4 Rf8 26.Nxg6+ hxg6 27.Rh4+ Kg7 28.Qh5 Rfe8 29.Qh8+  1-0

[Event "Malaysian Open"]
[Site "Kuala Lumpur MAS"]
[Date "2011.08.18"]
[Round "2.16"]
[White "Yu Ruiyuan"]
[Black "Lim,Z"]
[Result "1-0"]
[WhiteElo "2431"]
[BlackElo "2155"]

1.e4 d6 2.d4 Nf6 3.Nc3 c6 4.Bg5 Nbd7 5.Nf3 h6 6.Bh4 g5 7.Bg3 Nh5 8.e5 Bg7
9.exd6 Nxg3 10.hxg3 exd6 11.Qd2 Qe7+ 12.Be2 Nf6 13.O-O-O Be6 14.Rhe1 O-O-O
15.Bc4 d5 16.Bd3 Qb4 17.a3 Qd6 18.Ne5 Nd7 19.f4 Nxe5 20.dxe5 Qd7 21.Qf2 gxf4
22.gxf4 Bg4 23.Rd2 Kb8 24.Kb1 h5 25.Be2 Bh6 26.Rd4 Bf8 27.Rdd1 Be7 28.Bxg4 Qxg4
29.Re2 Qf5 30.Rd3 Rhg8 31.Nd1 d4 32.Rxd4 Rxd4 33.Qxd4 Rd8 34.Ne3 Qg6 35.Qc4 b5
36.Qb3 Qe4 37.Qxf7 Bc5 38.Qf5 Rd4 39.e6 Bd6 40.Qf6 Bxf4 41.e7 Bxe3 42.Qxd4  1-0

[Event "1st Metropolitan International"]
[Site "Los Angeles USA"]
[Date "2011.08.18"]
[Round "2"]
[White "Rensch,D"]
[Black "Akobian,V"]
[Result "0-1"]
[WhiteElo "2410"]
[BlackElo "2613"]

1.e4 d6 2.d4 Nf6 3.Nc3 c6 4.f4 Qa5 5.e5 Ne4 6.Qf3 d5 7.Bd3 g6 8.Ne2 Bf5 9.g4 Nxc3
10.Nxc3 Bxd3 11.cxd3 Qb6 12.Qf2 Na6 13.Be3 h5 14.f5 hxg4 15.fxg6 fxg6 16.O-O-O O-O-O
17.Qf7 Rh3 18.Bg1 c5 19.dxc5 Qc6 20.d4 Rf3 21.Qh7 Qe6 22.h3 gxh3 23.a3 Qf5
24.Rh2 Nc7 25.Qh4 g5 26.Qe1 g4 27.Rc2 Bh6+ 28.Kb1 g3  0-1

[Event "Botvinnik 100th Open"]
[Site "St Petersburg RUS"]
[Date "2011.08.18"]
[Round "7"]
[White "Palchun,G"]
[Black "Nadjezhdin,D"]
[Result "1-0"]
[WhiteElo "2144"]
[BlackElo "2329"]

1.e4 d6 2.d4 Nf6 3.Nc3 c6 4.f3 Nbd7 5.Be3 e5 6.Nge2 Be7 7.g4 O-O 8.Qd2 b5
9.O-O-O Qa5 10.Ng3 Nb6 11.g5 Ne8 12.Nf5 Bxf5 13.exf5 b4 14.Nb1 exd4 15.Qxd4 Qxf5
16.h4 Nd5 17.Bd2 Nec7 18.Bd3 Qd7 19.h5 Ne6 20.Qg4 Rfe8 21.Bf5 Nd4 22.Bxh7+ Kxh7
23.Qxd4 Qf5 24.h6 Qe5 25.hxg7+ Kxg7 26.Qd3 Rh8 27.Rhe1 Qh2 28.c4 bxc3 29.Nxc3 Kf8
30.Nxd5 cxd5 31.Qxd5 Re8 32.Kb1 Qh3 33.Bc3 Rg8 34.Rxe7  1-0

[Event "26th Teteven Open"]
[Site "Teteven BUL"]
[Date "2011.08.18"]
[Round "6.14"]
[White "Petrov,Vl5"]
[Black "Arnaudov,P"]
[Result "1-0"]
[WhiteElo "1793"]
[BlackElo "2194"]

1.e4 d6 2.d4 Nf6 3.Nc3 c6 4.g3 Bg4 5.f3 Bh5 6.Bg2 e5 7.Nge2 Be7 8.Be3 Nbd7
9.O-O O-O 10.Qd2 Qc7 11.Rad1 Rad8 12.a4 b6 13.Kh1 Rfe8 14.g4 Bg6 15.Ng3 Bf8
16.Nf5 Bxf5 17.gxf5 d5 18.exd5 cxd5 19.dxe5 Qxe5 20.Bf2 Bb4 21.Qd3 Nc5 22.Bxc5 Bxc3
23.f4 Qc7 24.Ba3 Ba5 25.b4 d4 26.Rf3 Nd5 27.bxa5 Nxf4 28.Qd2 Nxg2 29.Qxg2 Kh8
30.Rg1 f6 31.axb6 axb6 32.Rg3 Rd7 33.Rd3 Re5 34.Rf3 Qc4 35.Rg3 Qd5 36.Qxd5 Rexd5
37.Bf8 g5 38.fxg6 hxg6 39.Rxg6 Rh5 40.Bg7+ Kh7 41.Bxf6 Rf5 42.Rg7+ Rxg7 43.Rxg7+ Kh6
44.Bxd4 Ra5 45.Rg4 Kh5 46.Bxb6  1-0

[Event "Manhattan Open"]
[Site "New York USA"]
[Date "2011.08.19"]
[Round "5"]
[White "Shabalov,A"]
[Black "Krush,I"]
[Result "1/2-1/2"]
[WhiteElo "2577"]
[BlackElo "2486"]

1.e4 d6 2.d4 Nf6 3.Nc3 e5 4.Nge2 Be7 5.g3 c6 6.a4 b6 7.Bg2 a6 8.h3 h5 9.f4 Nbd7
10.O-O Bb7 11.b4 a5 12.b5 cxb5 13.axb5 Rc8 14.Bb2 Rc4 15.Qd3 Qc7 16.Na4 O-O
17.fxe5 dxe5 18.dxe5 Nxe4 19.Bd4 Rxa4 20.Rxa4 Nec5 21.Rc4 Nxe5 22.Bxe5 Qxe5
23.Qc3 Qxe2 24.Bxb7 Nxb7 25.Re1 Bc5+ 26.Rxc5 Qxe1+ 27.Qxe1 Nxc5 28.Qe5 Ra8
29.Qxh5 Re8 30.Qd5 g6 31.Kg2 Re6 32.h4 Kg7 33.g4 Re4 34.Kf3 Re6  1/2-1/2

[Event "26th Universiade Women"]
[Site "Shenzhen CHN"]
[Date "2011.08.19"]
[Round "7"]
[White "Rothebarth,A"]
[Black "Stojanovic,Andj"]
[Result "0-1"]
[WhiteElo "2062"]
[BlackElo "2293"]

1.e4 d6 2.d4 Nf6 3.Nc3 e5 4.Nf3 exd4 5.Nxd4 Be7 6.Be2 O-O 7.Be3 Re8 8.Qd2 Bf8
9.Bd3 a6 10.O-O b5 11.Bg5 h6 12.Bxf6 Qxf6 13.Nde2 c6 14.Kh1 Nd7 15.Ng3 Nc5
16.f3 g6 17.b4 Nxd3 18.cxd3 Bg7 19.Rac1 h5 20.f4 h4 21.Nge2 h3 22.Ng3 hxg2+
23.Kxg2 a5 24.bxa5 Qh4 25.Kh1 Bh3 26.Rf3 Bg4 27.Rff1 Bh3 28.Rfe1 Qg4 29.Qe2 Qxf4
30.Qe3 Qxe3 31.Rxe3 Bh6 32.Ree1 Bxc1 33.Rxc1 Rxa5 34.Kg1 b4 35.Nce2 c5 36.Rc2 Rea8
37.Nc1 Be6  0-1

[Event "5th Zupanja Open"]
[Site "Zupanja CRO"]
[Date "2011.08.19"]
[Round "5.12"]
[White "Plenca,Jadranko"]
[Black "Bosnjak,D"]
[Result "1/2-1/2"]
[WhiteElo "1868"]
[BlackElo "2309"]

1.e4 d6 2.d4 Nf6 3.Nc3 e5 4.dxe5 dxe5 5.Qxd8+ Kxd8 6.Bg5 Be6 7.Nf3 Nd7 8.O-O-O Bd6
9.Bb5 Kc8 10.Bxf6 gxf6 11.Bxd7+ Kxd7 12.Nd5 Bxd5 13.Rxd5 Ke6 14.Nh4 c6 15.Rd2 Rhd8
16.Rhd1 Bc7 17.Rxd8 Rxd8 18.Rxd8 Bxd8 19.Nf5 Bb6 20.f3 Bd4 21.b3 b5 22.Kd2 Bc5
23.Kd3 Bf8 24.h3 Kd7 25.c4 a6  1/2-1/2

[Event "5th Zupanja Open"]
[Site "Zupanja CRO"]
[Date "2011.08.19"]
[Round "5"]
[White "Tomic,Bos"]
[Black "Jovanovic,Zo CRO"]
[Result "0-1"]
[WhiteElo "2409"]
[BlackElo "2577"]

1.e4 d6 2.Nc3 Nf6 3.d4 e5 4.Nf3 Nbd7 5.Bc4 Be7 6.O-O O-O 7.Re1 c6 8.a4 a5
9.b3 Nb6 10.Bf1 exd4 11.Nxd4 d5 12.e5 Ne8 13.Bd3 g6 14.Bh6 Ng7 15.Nce2 Re8
16.Ng3 Bg5 17.Bxg7 Kxg7 18.f4 Bxf4 19.Nh5+ gxh5 20.Qxh5 Qg5 21.Qxh7+ Kf8
22.e6 Bxe6 23.Nxe6+ Rxe6 24.Rxe6 fxe6 25.Rf1 e5 26.g3 Qg7 27.Qh3 Ke7 28.Kh1 Rh8  0-1

[Event "Malaysian Open"]
[Site "Kuala Lumpur MAS"]
[Date "2011.08.20"]
[Round "4.18"]
[White "Sharma,Di"]
[Black "Lim,Z"]
[Result "1-0"]
[WhiteElo "2350"]
[BlackElo "2155"]

1.e4 d6 2.d4 Nf6 3.Nc3 c6 4.Bg5 Nbd7 5.Qd2 h6 6.Bh4 g5 7.Bg3 Nh5 8.Be2 Nxg3
9.hxg3 Bg7 10.Bg4 b5 11.f4 Nb6 12.Be2 gxf4 13.gxf4 h5 14.Nd1 d5 15.e5 Nc4
16.Qc3 Bf5 17.b3 Na3 18.Ne3 Be4 19.Rxh5 Rxh5 20.Bxh5 Qb6 21.Bf3 b4 22.Qd2 Bh7
23.Ne2 a5 24.Kf2 O-O-O 25.Rh1 Be4 26.Bxe4 dxe4 27.Rh7 Bh8 28.Rxf7 e6 29.c4 Kb8
30.Nc2 c5 31.d5 exd5 32.cxd5 Nxc2 33.Qxc2 Qg6 34.Qxc5 Qxf7 35.Qb6+ Kc8 36.d6 Bxe5
37.Qc5+ Kb8 38.Qxe5 Qd7 39.Nd4 e3+ 40.Kf3 e2 41.Nxe2 Qxd6 42.Qxd6+ Rxd6 43.f5 Rd2
44.g4 Kc7 45.f6 Kd7 46.Nf4 Rxa2 47.g5 a4 48.g6 axb3 49.g7 Ra8 50.f7 b2 51.f8=Q Rxf8
52.gxf8=Q b1=Q 53.Qf7+ Kc6 54.Qc4+ Kd6 55.Qd5+ Ke7 56.Qe6+ Kd8 57.Qd6+ Kc8
58.Nd5 Qd3+ 59.Kf4 Qd4+ 60.Kf5 Kb7 61.Qd7+  1-0

[Event "Manhattan Open"]
[Site "New York USA"]
[Date "2011.08.20"]
[Round "7"]
[White "Kovalchuk,I"]
[Black "Korley,K"]
[Result "0-1"]
[WhiteElo "2034"]
[BlackElo "2326"]

1.e4 d6 2.d4 Nf6 3.Nc3 e5 4.Nf3 Nbd7 5.Bc4 Be7 6.O-O O-O 7.Re1 c6 8.Bf1 Qc7
9.a4 b6 10.h3 Re8 11.g4 g6 12.Bc4 Bf8 13.dxe5 dxe5 14.Ng5 Re7 15.b3 h6 16.Nf3 Nc5
17.Nh4 Be6 18.Bf1 Rd7 19.Qf3 Qd8 20.Qg3 Rd4 21.Bg2 Bg7 22.Ba3 Rd2 23.Rac1 Qd4
24.Nb1 Nxb3 25.cxb3 Rd3 26.Re3 Rxe3 27.Qxe3 Qxe3 28.fxe3 Bxb3 29.Nc3 Rd8
30.Nf3 Ne8 31.Bf1 c5 32.Bb5 Nc7 33.Rb1 c4 34.Bc6 Rd3 35.Nd5 Nxd5 36.Bxd5 Ba2
37.Ra1 Rxa3 38.Nd2 Rxa4 39.Nxc4 Rxc4 40.Rxa2 Rc7 41.Kf1 Bf8 42.Ke2 Bb4 43.h4 a5
44.h5 Kg7 45.Kd1 Bc5 46.Ke2 Kf6 47.Ra1 Bb4 48.Rf1+ Kg7 49.Ra1 Rc2+ 50.Kf3 Bc5
51.Rf1 Rc3 52.Kg3 Rxe3+ 53.Rf3 f5 54.exf5 gxf5 55.gxf5 Kf6 56.Rxe3 Bxe3 57.Kf3 Bd4
58.Ke4 a4 59.Bc6 a3 60.Bd5 Kg5 61.Bf7 b5  0-1

[Event "31st Presolana Open"]
[Site "Presolana ITA"]
[Date "2011.08.20"]
[Round "1"]
[White "Melia,S"]
[Black "Bianchi,An"]
[Result "1/2-1/2"]
[WhiteElo "2437"]
[BlackElo "2142"]

1.e4 d6 2.d4 Nf6 3.Nc3 e5 4.Nf3 Nbd7 5.Bc4 Be7 6.O-O O-O 7.Qe2 c6 8.Rd1 b5
9.dxe5 dxe5 10.Nxe5 bxc4 11.Nxc6 Qe8 12.e5 Bc5 13.exf6 Qxe2 14.Nxe2 Nxf6
15.Be3 Bxe3 16.fxe3 Re8 17.Nc3 Bf5 18.Nd4 Bg6 19.Re1 Rab8 20.Ncb5 Rb6 21.b3 Bxc2
22.Nxc2 Rxb5 23.Na3 Ra5 24.Nxc4 Ra6 25.Red1 g6 26.h3 Ne4 27.a3 Rc6 28.Rac1 Rec8
29.Rc2 Kf8 30.Rd4 f5 31.Kh2 R8c7 32.Re2 Ke7 33.g4 Nd6 34.Rc2 Nb5 35.Rdd2 Nd6
36.Rd4 Nb5 37.Rdd2 Nd6 38.gxf5 Nxc4 39.bxc4 Rxc4 40.Rxc4 Rxc4 41.fxg6 hxg6
42.Rd3 Ke6 43.Kg3 Ke5 44.Rb3 Ra4 45.Rc3 Kf5 46.Kf3 Rh4 47.Rc5+ Kf6 48.Rc6+ Kg5
49.Kg3 Ra4 50.Rc3 Kf5 51.Kf3 Rh4 52.Kf2 Ra4 53.Rb3 Ke5 54.Rc3 g5 55.Kg3 Kf5
56.Rb3 Ke5 57.Rc3  1/2-1/2